Famous People from Michigan by Picture - Statistics

General Stats
  • This quiz has been taken 21,453 times
    13,641 since last reset
  • The average score is 9 of 20
Answer Stats
Picture Hint Answer % Correct
Detroit Eminem
96%
Rochester Hills Madonna
78%
Detroit Aretha Franklin
68%
Romeo Kid Rock
54%
Birmingham Tim Allen
54%
Lansing Magic Johnson
53%
Saginaw Stevie Wonder
53%
Flint Terry Crews
53%
Bloomfield Hills Mitt Romney
49%
Detroit Diana Ross
47%
Dearborn Henry Ford
42%
Kalamazoo Derek Jeter
39%
Jackson James Earl Jones
39%
Huntington Woods Kristen Bell
37%
Detroit Jack White
35%
Ypsilanti Iggy Pop
31%
Port Huron Thomas Edison
29%
Chelsea Jeff Daniels
27%
Detroit Joe Louis
25%
Detroit Jimmy Hoffa
22%
No matching quizzes found
Score Distribution
Percent of People with Each Score
Percentile by Number Answered
Your Score History
You have not taken this quiz since the last reset